000
00248nam a2200097Ia 4500
008
120527s9999 xx 000 0 und d
100
_a
Matson,D.d
245
_a
Neurosyrgery of infancy and childhood. 2nd ed.
260
_b
Charles&Thomas
942
_c
BK
999
_c
20641
_d
20641